00654cam a2200205 a 450000100100000000500170001000800410002704000250006808200260009310000320011924500500015125000120020126000370021330000210025049000510027158600330032265000190035565000230037483000510039700003942620240306164224.0000313s1971 sp ab 000 f spa  aDO-SdBNPbspacBNPHU aPe863.44bV297c, 19711 aVargas Llosa, Mario,d1936-13aLa ciudad y los perros /cMario Vargas Llosa. a8a. ed. aBarcelona :bSeix Barral,c1971. a554 p. ;c22 cm.1 aBiblioteca breve de bolsillo, libros de enlace aPremio biblioteca breve 1962 4aNovela peruana 4aLiteratura peruana 0aBiblioteca breve de bolsillo, libros de enlace